| 000 | 00671nam a2200217Ia 4500 | ||
|---|---|---|---|
| 008 | 160517s9999 xx 000 0 und d | ||
| 050 | _aHF 5415.335 | ||
| 050 | _b.At872 2016 | ||
| 100 | _aAtienza, Hannah Grace S. | ||
| 245 | _aFactors that contribute to brand equity of JML hair straightener (SM Southmall) as perceived bt its customer / | ||
| 245 | _cHannah Grace S. Atienza. | ||
| 260 | _aLas PiƱas, Philippines : | ||
| 260 | _bSISC, | ||
| 260 | _c2016. | ||
| 300 | _a49 pages : | ||
| 300 | _billustrations ; | ||
| 300 | _c28 cm. | ||
| 500 | _aIncludes bibliographical references and appendices. | ||
| 521 | _aBusiness Administration | ||
| 942 | _cTH | ||
| 999 |
_c293962 _d293962 |
||